000 00469cam a2200169ua 4500
020 _c2.25
041 _amal
_h
082 _a954.83
_bKUN/CH
100 _aKunjan pillai, Elamkulam.P.N .
245 _aCharithrathinte Paschathalathil /
_cP.N.Elamkulam Kunjan pillai.
_hTextual Documents
260 _aKottayam :
_bSahitya Pravarthaka Co-operative Society ,
_c1961.
300 _a168 ; .
365 _a2.25
504 _a
942 _cBK
999 _c1291
_d1291